Secondary Privatisation in Transition Economies : (Record no. 617288)

MARC details
000 -LEADER
fixed length control field 00512nam a2200193 a 4500
008 - FIXED-LENGTH DATA ELEMENTS--GENERAL INFORMATION
fixed length control field 260309s2003##################000#0#eng##
020 ## - INTERNATIONAL STANDARD BOOK NUMBER
ISBN 9781403915375
082 04 - DEWEY DECIMAL CLASSIFICATION NUMBER
Classification number 338.94305
Item number BLA
100 1# - MAIN ENTRY--AUTHOR NAME
Personal name Błaszczyk, Barbara,
245 10 - TITLE STATEMENT
Title Secondary Privatisation in Transition Economies :
260 ## - PUBLICATION, DISTRIBUTION, ETC. (IMPRINT)
Year of publication 2003.
300 ## - PHYSICAL DESCRIPTION
Number of Pages 296 pages
650 #0 - SUBJECT ADDED ENTRY--TOPICAL TERM
Topical Term Czech Republic.
942 ## - ADDED ENTRY ELEMENTS (KOHA)
Koha item type English Books
Holdings
Withdrawn status Lost status Damaged status Not for loan Home library Current library Shelving location Date acquired Full call number Accession Number Price effective from Koha item type
        Anna Centenary Library Anna Centenary Library 4TH FLOOR, A WING 09.03.2026 338.94305 BLA 322137 09.03.2026 English Books

Find us on the map